Encounters: a basic reader

Bewaard in:
Bibliografische gegevens
Hoofdauteurs: Pimsleur, Paul (Auteur), Berger, Donald (Auteur)
Formaat: Boek
Taal:Engels
Gepubliceerd in: Nueva York Harcourt Brace Jovanovich 1974
Editie:1a. ed
Onderwerpen:
Tags: Voeg label toe
Geen labels, Wees de eerste die dit record labelt!

MARC

LEADER 00000cam a2200000 a 4500
001 UCQ3284
003 CL-VaPUC
008 980817e19740000US |||||||||||||||||eng|d
020 |a 0155225857 
082 0 4 |a 428.07  |b PIM  |2 21 
100 0 |a Pimsleur, Paul  |e author  |9 417335 
700 0 |a Berger, Donald  |e author  |9 417336 
245 1 0 |a Encounters: a basic reader 
250 |a 1a. ed 
300 |a 205 p 
942 |c BK 
945 |d 19980817 00:00:00  |a crobeson 
260 |a Nueva York  |b Harcourt Brace Jovanovich  |c 1974 
650 0 |a Inglés  |9 260023 
650 0 |a Lectura  |9 307634 
650 7 |a LECCIONES  |2 CL-VaPUC  |9 351131 
650 0 |a Enseñanza de idiomas  |9 339820 
650 0 |a Educación lingüística  |9 306506 
583 |a last modification  |c 20130401 12:15:00  |k Rodrigo Vera 
999 |c 273879  |d 273877 
952 |0 0  |1 0  |4 0  |6 428_070000000000000_PIM_1974  |7 0  |8 A  |9 309830  |a BIBEDU  |b BIBEDU  |d 2019-11-20  |i 1455060  |o 428.07 PIM 1974  |p 1455060  |r 2019-11-20  |w 2019-11-20  |y BK  |k LIT 
952 |0 0  |1 0  |4 0  |6 428_070000000000000_PIM_1974  |7 0  |8 A  |9 309831  |a BIBEDU  |b BIBEDU  |d 2019-11-20  |i 4809890  |o 428.07 PIM 1974  |p 4809890  |r 2019-11-20  |w 2019-11-20  |y BK  |k LIT